Jack and the beanstalk

Bibliographic Details
Format: Book
Published: Singapore : Popular , 2004
Series:I can read
Subjects:

MARC

LEADER 00000cam a2200000 7i4500
001 0000004156
005 20220105103958.0
008 070725
020 |a 9814179361 
090 0 0 |a JP   |b FT ENG (4686) 
245 1 0 |a Jack and the beanstalk   |c Van Gool 
260 |a Singapore :   |b Popular ,   |c 2004 
440 |a I can read 
500 |a Children age 4-6 years old (yellow) 
650 0 |a Junior fiction   |x Fairy tales   |x English 
999 |a 0000973910   |b Book   |c Children Collection   |e Perbadanan Perpustakaan Awam Johor 
999 |a 0000973912   |b Book   |c Children Collection   |e Perbadanan Perpustakaan Awam Johor